00369nam a22001097a 4500082001700000245005400017260005300071300000800124942000700132999001500139952010500154 a621.4023 ELE aElectron Beam Processing of Combustion flue Gases aViennabInternational Atomic Energy Agencyc1987 a290 cBK c3598d3598 0010708NFICaICbICcGENd2016-09-05l0o621.4023 ELEp003194r2022-11-17 00:00:00w2016-09-05yBK